000 01219nam0a22002771 4500
001 rc\502363
005 20030616171834.3
010 _a5-02-028728-8
_91000
035 _a(NLR Aleph) 005743279
090 _a4761856
_c4761856
100 _a20030616d1988 u |0rusy50 ca
101 0 _arus
102 _aRU
105 _ay |||||||||
200 1 _aКремнекислородные соединения неметаллов
_eПроизводные азота и фосфора
_fМ.Г. Воронков, Е.А. Малетина, В.К. Роман
_gОтв. ред. М.Е. Вольпин
_gАН СССР, Сиб. отд-ние, Иркут. ин-т орган. химии
210 _aНовосибирск
_cНаука. Сиб. отд-ние
_d1988
215 _a360, [4] с.
_d23
320 _aБиблиогр.: с. 323-361 (1297 назв.)
700 1 _aВоронков
_bМ. Г.
_f1921-2014
_gМихаил Григорьевич
_3RU\NLR\AUTH\7729944
_4070
701 1 _aМалетина
_bЕ. А.
_gЕвгения Аполлоновна
701 1 _aРоман
_bВ. К.
_gВиктор Кузьмич
801 0 _aRU
_bNLR
_gpsbo
801 1 _aRU
_bELAR
_2rusmarc
852 _aNLR
_j88-5/6489
942 _cBOOK
980 _aNB